МАРК-запис
| 000 -Лідер |
| fixed length control field |
03910nam a22002777a 4500 |
| 001 - Контрольний номер |
| control field |
27293 |
| 003 - Ідентифікатор контрольного номера |
| control field |
UA-OsUOA |
| 005 - Дата та час останнього входження (трансакції) |
| control field |
20231227154405.0 |
| 007 - Фіксоване поле фізичного опису |
| fixed length control field |
ta |
| 008 - Елементи даних фіксованої довжини – загальна інформація |
| fixed length control field |
20040623b un ||||| |||| 00| 0 ukr d |
| 020 ## - Міжнародний стандартний книжковий номер (ISBN) |
| Міжнародний стандартний книжковий номер (ISBN) (НП) |
9660004915 |
| 040 ## - Джерело каталогізації |
| Агенція оригінальної каталогізації |
UA-OsUOA |
| Мова каталогізації |
ukr |
| Агенція, яка здійснювала перезапис |
UA-OsUOA |
| Агенція, яка здійснювала модифікацію |
UA-OsUOA |
| 041 ## - Код мови |
| Код мови тексту/ звукової доріжки чи окремого заголовка (П) |
ukr |
| 044 ## - Код країни видавця/ виробника |
| Код країни видавця/ виробника (П) |
UA |
| 080 ## - Індекс Універсальної десяткової класифікації |
| Індекс Універсальної десяткової класифікації (УДК) (НП) |
7+72(477)(091) |
| 090 ## - Локальний шифр розміщення |
| Класифікаційний індекс УДК |
7+72(477)(091) |
| Авторський знак (НП) |
У45 |
| 245 ## - Відомості про назву |
| Назва (НП) |
Українське мистецтво та архітектура кінця XIX – початку XX ст. |
| Дані про відповідальність (НП) |
відп. ред. Н. Ю. Асєєва |
| 260 ## - Публікація, розповсюдження і т.п. (Вихідні дані) |
| Місце публікації, розповсюдження і т.п. (П) |
Київ |
| Ім’я/ наймення видавництва, розповсюджувача і т.п. (П) |
Наукова Думка |
| Дата публікації, розповсюдження і т.п. (П) |
2000 |
| 300 ## - Фізичний опис |
| Обсяг |
240 с. |
| 505 00 - Форматована примітка про зміст |
| Форматована примітка про зміст |
Зміст<br/><br/>Від редактора <br/>Модерн в українському живописі (П. О. Білецький)<br/>Ранній період творчості О. Новаківського (В. А.Овсійчук)<br/>Творчість Г. І. Нарбута та українська барокова гравюра (В. М. Фоменко) <br/>Київські виставки "Мира искусства" (Г. В. Карпова)<br/>Художник чеховської провінції (Т. В. Павлова)<br/>А. А. Маневич (Л. Г. Членова)<br/>Харківський жанрист К. П. Пинєєв. Спроба інтерпретації творчості (3. Л. Чернова)<br/>До проблеми вивчення творчої спадщини "забутих" художників (С.І. Побожій)<br/>Учні І. Ю. Рєпіна у Харкові (Л. Д. Соколюк)<br/>На карті українського авангарду (Д. О. Горбачов)<br/>Олександра Екстер і Вадим Меллер (О. В. Красильникова)<br/>Натюрморт в українському живописі на зламі ХІХ-ХХ століть (Е. О. Димшиць)<br/>Українська вишивка на зламі століть (Т.В. Кара-Васильєва)<br/>Народна кераміка Опішні на зламі ХІХ—ХХ століть(О. О. Клименко)<br/>Формування українського архітектурного модерну початку ХХ ст. У контексті інтернаціональних творчих зв'язків (В. В. Чепелик)<br/>Модерн в архітектурі України (генезис та вплив на інші стильові напрямки) (В. Є. Ясієвич)<br/>Земські школи за проектами Опанаса Сластьона (В. М. Ханко)<br/>Метал в архітектурі Києва кінця ХІХ — початку XХ століття (В. Ю. Могилевський)<br/>Примітки |
| 520 ## - Резюме і т.п. |
| Резюме, реферат, анотація, тощо (НП) |
У книзі розглядаються малодосліджені проблеми розвитку українського мистецтва та архітектури на рубежі XIX—XX ст. Висвітлюються новаторські пошуки та використання художніх традицій життя у різних регіонах України, творчість маловідомих або й зовсім невідомих митців. Досліджуються такі явища, як український модерн, український авангард, роль імпресіонізму в українському образотворчому мистецтві.<br/><br/>Для мистецтвознавців, істориків, викладачів, студентів, усіх, хто цікавиться історією української культури. |
| 650 #7 - Додаткове предметне введення – тематичний термін |
| Джерело заголовка чи терміна |
UDC |
| Тематичний термін чи географічна назва, як елемент введення (НП) |
7 Мистецтво |
| 942 ## - Додаткові елементи входу (Коха) |
| Тип елемента Koha |
Книги |
| Source of classification or shelving scheme |
Universal Decimal Classification |
| 955 ## - Код типу видання за змістом |
| Код типу видання за змістом (НП) |
Наукові видання |